<?xml version="1.0" encoding="UTF-8"?>
<collection xmlns="http://www.loc.gov/MARC21/slim">
 <record>
  <leader>     na                 </leader>
  <controlfield tag="001">INLIS000000000015280</controlfield>
  <controlfield tag="005">20260507123852</controlfield>
  <datafield tag="035" ind1=" " ind2=" ">
   <subfield code="a">0010-1025000874</subfield>
  </datafield>
  <controlfield tag="007">ta</controlfield>
  <controlfield tag="008">251028s2015    nti    g b    01  0 ind  </controlfield>
  <datafield tag="040" ind1=" " ind2=" ">
   <subfield code="a">NTPDKUP</subfield>
   <subfield code="b">ind</subfield>
   <subfield code="e">rda</subfield>
  </datafield>
  <datafield tag="043" ind1=" " ind2=" ">
   <subfield code="a">a-io-nt</subfield>
  </datafield>
  <datafield tag="100" ind1=" " ind2=" ">
   <subfield code="a">John Dami Mukese-</subfield>
   <subfield code="d">1950</subfield>
   <subfield code="d">John Dami Mukese-</subfield>
   <subfield code="d">1950</subfield>
   <subfield code="d">1950</subfield>
   <subfield code="d">John Dami Mukese-</subfield>
   <subfield code="d">1950</subfield>
   <subfield code="d">John Dami Mukese-</subfield>
   <subfield code="d">1950</subfield>
   <subfield code="d">1950</subfield>
   <subfield code="d">1950</subfield>
   <subfield code="d">John Dami Mukese-</subfield>
   <subfield code="d">1950</subfield>
   <subfield code="d">1950</subfield>
   <subfield code="e">Editor</subfield>
   <subfield code="e">Editor</subfield>
   <subfield code="e">John Dami Mukese-</subfield>
   <subfield code="e">Editor</subfield>
   <subfield code="e">Editor</subfield>
   <subfield code="e">Editor</subfield>
   <subfield code="e">John Dami Mukese-</subfield>
   <subfield code="e">Editor</subfield>
   <subfield code="e">John Dami Mukese-</subfield>
   <subfield code="e">Editor</subfield>
   <subfield code="e">Editor</subfield>
   <subfield code="e">John Dami Mukese-</subfield>
   <subfield code="e">Editor</subfield>
  </datafield>
  <datafield tag="245" ind1=" " ind2="0">
   <subfield code="a">Kirbat baru untuk anggur :</subfield>
   <subfield code="b">menjala di laut yang lebih dalam /</subfield>
   <subfield code="c">John Dami Mukese, Fransiskus Obon, editor</subfield>
  </datafield>
  <datafield tag="250" ind1=" " ind2=" ">
   <subfield code="a">Cetakan Pertama, 2015</subfield>
  </datafield>
  <datafield tag="300" ind1=" " ind2=" ">
   <subfield code="a">410 halaman :</subfield>
   <subfield code="b">ilustrasi ;</subfield>
   <subfield code="c">21 cm</subfield>
  </datafield>
  <datafield tag="999" ind1=" " ind2=" ">
   <subfield code="a">CB-D.16.22 2015-021</subfield>
  </datafield>
  <datafield tag="020" ind1=" " ind2=" ">
   <subfield code="a">979-429-352-0</subfield>
  </datafield>
  <datafield tag="041" ind1=" " ind2=" ">
   <subfield code="a">Indonesia</subfield>
  </datafield>
  <datafield tag="082" ind1="1" ind2="4">
   <subfield code="2">[23]</subfield>
   <subfield code="a">238</subfield>
  </datafield>
  <datafield tag="084" ind1=" " ind2=" ">
   <subfield code="a">CB-D.16.03 2015-021</subfield>
  </datafield>
  <datafield tag="090" ind1=" " ind2=" ">
   <subfield code="a">CB-D.16.03 2015-021</subfield>
  </datafield>
  <datafield tag="264" ind1=" " ind2=" ">
   <subfield code="a">Ende :</subfield>
   <subfield code="b">Nusa Indah,</subfield>
   <subfield code="c">2015</subfield>
  </datafield>
  <datafield tag="336" ind1=" " ind2=" ">
   <subfield code="2">teks rdacontent</subfield>
  </datafield>
  <datafield tag="337" ind1=" " ind2=" ">
   <subfield code="2">tanpa perantara rdamedia</subfield>
  </datafield>
  <datafield tag="338" ind1=" " ind2=" ">
   <subfield code="2">volume rdacarrier</subfield>
  </datafield>
  <datafield tag="520" ind1=" " ind2=" ">
   <subfield code="a">Kirbat bukan saja efektif menyimpan anggur cinta dan kehidupan yang mengalir dari suka cita Injil, melainkan juga kreatif dan dinamik dalam mewartakannya sesuai kebutuhan zaman</subfield>
  </datafield>
  <datafield tag="521" ind1=" " ind2=" ">
   <subfield code="a">Untuk Umum</subfield>
  </datafield>
  <datafield tag="650" ind1=" " ind2=" ">
   <subfield code="a">Katekismus</subfield>
  </datafield>
  <datafield tag="700" ind1=" " ind2=" ">
   <subfield code="a">Fransiskus Obon</subfield>
   <subfield code="e">Editor</subfield>
  </datafield>
  <datafield tag="850" ind1=" " ind2=" ">
   <subfield code="a">NTPDKUP</subfield>
  </datafield>
  <datafield tag="990" ind1=" " ind2=" ">
   <subfield code="a">00000119671</subfield>
  </datafield>
 </record>
</collection>
